Construction and the built environment (Record no. 113345)
[ view plain ]
| 000 -LEADER | |
|---|---|
| fixed length control field | 01561cad a22002775a 4500 |
| 001 - CONTROL NUMBER | |
| control field | L155146 |
| 008 - FIXED-LENGTH DATA ELEMENTS--GENERAL INFORMATION | |
| fixed length control field | 120307s2011 xxkabdof s 000 0 eng d |
| 035 ## - SYSTEM CONTROL NUMBER | |
| System control number | (Sirsi) u155146 |
| 041 0# - LANGUAGE CODE | |
| Language code of text/sound track or separate title | eng |
| 100 1# - MAIN ENTRY--PERSONAL NAME | |
| Personal name | Ball, Graham |
| 110 2# - MAIN ENTRY--CORPORATE NAME | |
| Corporate name or jurisdiction name as entry element | CITB-ConstructionSkills |
| 9 (RLIN) | 4992 |
| 245 00 - TITLE STATEMENT | |
| Title | Construction and the built environment |
| Remainder of title | how university technical colleges can deliver best practice |
| Medium | [electronic resource] |
| 260 ## - PUBLICATION, DISTRIBUTION, ETC. | |
| Place of publication, distribution, etc. | London |
| Name of publisher, distributor, etc. | The Baker Dearing Educational Trust |
| Date of publication, distribution, etc. | 2011 |
| 505 2# - FORMATTED CONTENTS NOTE | |
| Formatted contents note | Foreword -- Introduction -- Methodology -- Selected technical qualifications -- Further actions -- Annex A: Summary CBE curriculum content -- Annex B: Examples of progression -- Annex C: Exemplar distribution of guided learning hours (GLH) -- Annex D: UTC vision -- Annex E: Participants |
| 520 ## - SUMMARY, ETC. | |
| Summary, etc. | The report sets out technical qualifications valued by the construction and the built environment sector to assist university technical colleges in preparing their students appropriately for further study and employment in their chosen area of work. Construction careers, education, skills and qualifications. RICS is one of the participants. |
| 521 2# - TARGET AUDIENCE NOTE | |
| Target audience note | Advanced |
| 590 ## - LOCAL NOTE (RLIN) | |
| Local note | KA NTK |
| 651 #4 - SUBJECT ADDED ENTRY--GEOGRAPHIC NAME | |
| Geographic name | United Kingdom |
| Chronological subdivision | |
| 690 ## - LOCAL SUBJECT ADDED ENTRY--TOPICAL TERM (OCLC, RLIN) | |
| Topical term or geographic name as entry element | Management consultancy |
| 9 (RLIN) | 6255 |
| 690 ## - LOCAL SUBJECT ADDED ENTRY--TOPICAL TERM (OCLC, RLIN) | |
| Topical term or geographic name as entry element | Construction management |
| 9 (RLIN) | 6230 |
| 700 1# - ADDED ENTRY--PERSONAL NAME | |
| Personal name | Bellamy, Alan |
| 700 1# - ADDED ENTRY--PERSONAL NAME | |
| Personal name | Gooderson, Nick |
| 710 1# - ADDED ENTRY--CORPORATE NAME | |
| Corporate name or jurisdiction name as entry element | The Baker Dearing Educational Trust |
| 856 40 - ELECTRONIC LOCATION AND ACCESS | |
| Uniform Resource Identifier | <a href="https://www.utcolleges.org/media/61569/construction_lores.pdf">https://www.utcolleges.org/media/61569/construction_lores.pdf</a> |
| Public note | View the report free of charge at www.utcolleges.org |
| 942 ## - ADDED ENTRY ELEMENTS (KOHA) | |
| Suppress in OPAC | 0 |
| Withdrawn status | Lost status | Source of classification or shelving scheme | Damaged status | Not for loan | Home library | Current library | Shelving location | Date acquired | Total Checkouts | Full call number | Barcode | Date last seen | Copy number | Price effective from | Koha item type |
|---|---|---|---|---|---|---|---|---|---|---|---|---|---|---|---|
| Dewey Decimal Classification | Virtual | Virtual | Online | 07/03/2012 | ONLINE PUBLICATION | 155146-2001 | 06/08/2019 | 1 | 06/08/2019 | Book |